[Event "Minneapolis HB Global op"]
[Site "Minneapolis"]
[Date "2005.05.18"]
[Round "1"]
[White "Times, Jerald W"]
[Black "Georgiev, Vladimir"]
[Result "0-1"]
[WhiteElo "2209"]
[BlackElo "2535"]
[PlyCount "72"]
[EventDate "2005.05.18"]
[EventType "swiss"]
[EventRounds "9"]
[EventCountry "USA"]
[SourceTitle "CBM 107"]
[Source "ChessBase"]
[SourceDate "2005.08.01"]
[SourceVersion "1"]
[SourceVersionDate "2005.08.01"]
[SourceQuality "1"]

1. c4 Nf6 2. g3 c6 3. Nf3 d5 4. Bg2 Bg4 5. cxd5 cxd5 6. d4 e6 7. Nc3 Nc6 8. 0-0 Bd6 9. Be3 0-0 10. Rc1 Rc8 11. Nd2 Na5 12. f3 Bh5 13. Nb5 Rxc1 14. Qxc1 Bb8 15. Bf2 Qd7 16. Nc3 Rc8 17. Qd1 b5 18. Nb3 b4 19. Nxa5 bxc3 20. bxc3 Qb5 21. Nb3 Rxc3 22. Qd2 Rc4 23. Rc1 Bd6 24. Bf1 Bb4 25. Qf4 Nd7 26. Qh4 Bg6 27. Qd8+ Nf8 28. Kg2 Ba3 29. Ra1 Rc2 30. Qa5 Qxa5 31. Nxa5 Rb2 32. Kg1 Nd7 33. Nc6 a6 34. Ne7+ Kf8 35. Nxg6+ hxg6 36. e3 Nb6 0-1

[Event "New York St John Uni"]
[Site "New York"]
[Date "2004.06.25"]
[Round "7"]
[White "Benjamin, Joel"]
[Black "Times, Jerald W"]
[Result "1-0"]
[WhiteElo "2566"]
[BlackElo "2240"]
[PlyCount "97"]
[EventDate "2004.06.17"]
[EventType "tourn"]
[EventRounds "9"]
[EventCountry "USA"]
[EventCategory "8"]
[SourceTitle "CBM 100 Extra"]
[Source "ChessBase"]
[SourceDate "2004.07.06"]
[SourceVersion "2"]
[SourceVersionDate "2004.07.06"]
[SourceQuality "1"]

1. e4 c6 2. d4 d5 3. e5 c5 4. dxc5 e6 5. Nf3 Bxc5 6. Bd3 Nc6 7. c3 a6 8. Bf4 f6 9. Bg3 fxe5 10. Nxe5 Nf6 11. Nd2 0-0 12. 0-0 Bd7 13. Qe2 Nxe5 14. Bxe5 Qe8 15. Nb3 Ba7 16. Bd6 Rf7 17. Nd4 Bb8 18. Bxb8 Qxb8 19. f4 Qd6 20. Rae1 Re8 21. Kh1 Rfe7 22. Qe5 Qxe5 23. fxe5 Ng4 24. Rf4 Nh6 25. Ref1 g6 26. Nf3 Rf7 27. Ng5 Rxf4 28. Rxf4 Re7 29. Rb4 Bc8 30. Kg1 Nf7 31. Nf3 Nd8 32. Kf2 Rc7 33. Ke3 Bd7 34. g4 b5 35. Rf4 Nc6 36. h4 Kg7 37. g5 Nd8 38. Rf6 Be8 39. Nd4 Bf7 40. Be2 Re7 41. Bg4 Bg8 42. Bh3 Bf7 43. Kd2 h6 44. Kc2 hxg5 45. hxg5 Bg8 46. Kb3 a5 47. Bf1 Nf7 48. Nxe6+ Kh7 49. Nf8+ 1-0

[Event "Quebec-ch int"]
[Site "Montreal"]
[Date "2002.06.17"]
[Round "1"]
[White "Cuartas, Carlos Enrique"]
[Black "Times, Jerald W"]
[Result "0-1"]
[WhiteElo "2307"]
[BlackElo "2359"]
[PlyCount "128"]
[EventDate "2002.06.17"]
[EventType "tourn"]
[EventRounds "9"]
[EventCountry "CAN"]
[EventCategory "6"]
[SourceTitle "CBM 088 Extra"]
[Source "ChessBase"]
[SourceDate "2002.07.01"]
[SourceVersion "2"]
[SourceVersionDate "2002.07.01"]
[SourceQuality "1"]

1. e4 c6 2. d3 d5 3. Nd2 e5 4. Ngf3 Bd6 5. c3 Nf6 6. Be2 0-0 7. Qc2 Re8 8. h3 Nbd7 9. Nf1 Nh5 10. g3 g6 11. Ne3 Ndf6 12. Ng2 Bf8 13. Bg5 h6 14. Be3 c5 15. c4 d4 16. Bd2 Nd7 17. Nh2 Nhf6 18. Ng4 Kh7 19. Nh4 Ng8 20. Nh2 Nb8 21. Bg4 Be7 22. N2f3 Nc6 23. Bxc8 Rxc8 24. a3 a6 25. 0-0 Rf8 26. Rae1 f5 27. exf5 gxf5 28. Ng2 Bd6 29. Nfh4 f4 30. Qd1 Qd7 31. g4 h5 32. Qf3 hxg4 33. hxg4 Kg7 34. Nf5+ Rxf5 35. gxf5 Qxf5 36. Nh4 Qf6 37. Qg4+ Kf7 38. Qf5 Nce7 39. Qh5+ Ke6 40. Qg4+ Kf7 41. Qh5+ Ke6 42. f3 Nh6 43. Ng2 Kd7 44. Kf2 Nhf5 45. Rh1 Kc6 46. Qh7 Ng6 47. Qh3 Rg8 48. Reg1 Ng3 49. Qg4 Ne7 50. Qh3 Nef5 51. Rh2 Ne3 52. Qh6 Qf5 53. Qh7 Rg6 54. Ne1 Nd1+ 55. Kg2 Ne2+ 56. Kf1 Nxg1 57. Rg2 Rg5 58. Qxf5 Rxf5 59. Rxg1 Nxb2 60. Rg6 Rh5 61. Kg2 b5 62. cxb5+ axb5 63. Ba5 Rh7 64. Bd8 Kd5 0-1